Personnel Management (Record no. 114084)

MARC details
000 -LEADER
fixed length control field 00356pam a2200145 a 4500
020 ## - INTERNATIONAL STANDARD BOOK NUMBER
Terms of availability
041 ## - LANGUAGE CODE
Language code of original
082 ## - DEWEY DECIMAL CLASSIFICATION NUMBER
Classification number 658.29999999999995
Item number SCO
100 ## - MAIN ENTRY--PERSONAL NAME
Personal name Scott, W.D.
245 ## - TITLE STATEMENT
Title Personnel Management
Medium Textual Documents
260 ## - PUBLICATION, DISTRIBUTION, ETC.
Place of publication, distribution, etc. New Delhi
Name of publisher, distributor, etc. Tata Mcgraw Hill Publishing Company Ltd
300 ## - PHYSICAL DESCRIPTION
Extent 623/PB
700 ## - ADDED ENTRY--PERSONAL NAME
Personal name Lothier, R.C.
930 ## - EQUIVALENCE OR CROSS-REFERENCE-UNIFORM TITLE HEADING [LOCAL, CANADA]
Uniform title 7257
Holdings
Withdrawn status Lost status Damaged status Not for loan Collection Home library Current library Shelving location Date acquired Source of acquisition Cost, normal purchase price Total Checkouts Full call number Barcode Date last seen Copy number Price effective from Koha item type
  Missing       Abhijit Kadam Institute of Management & Social Science, Solapur Abhijit Kadam Institute of Management & Social Science, Solapur Missing 29/10/1981 Sarswati Book Depo 30.00   658.29999999999995 SCO AKS-M-00027 01/03/2023 1 01/03/2023 Book